00366nam a2200145Ia 4500003000400000005001700004008004100021040000900062082001900071100001900090245003000109260004000139300000900179650003200188OSt20201023111748.0190216s9999||||xx |||||||||||||| ||und|| coclc a823.912bCON/L aConrad, Joseph 0aLord Jim /cJoseph Conrad bJ M Dent And Sons ,c1966.aLondon: a315p aEnglish Novel-English Novel